Uzbek words - Statistics

General Stats
  • This quiz has been taken 21 times
  • The average score is 49 of 127
Answer Stats
Uzbek English % Correct
Mashina car
83%
Sut milk
83%
Non bread
75%
Avtobus bus
75%
Kofe coffee
75%
Taksi Taxi
75%
Ko'z eye
67%
Juma friday
67%
Dushanba monday
67%
Pasport passport
67%
Sendvich sandwich
67%
Shanba saturday
67%
Yakshanba sunday
67%
Payshanba thursday
67%
Seshanba tuesday
67%
Universitet university
67%
Chorshanba wednesday
67%
Artist artist
58%
Kitob book
58%
Palto coat
58%
Quloq ear
58%
Yuz face
58%
Oyoqlar feet
58%
Barmoqlar fingers
58%
Baliq fish
58%
Qiz bola girl
58%
Erkak man
58%
Go'sht meat
58%
O'g'il son
58%
Choy tea
58%
Suv water
58%
Tayyora/samolyot airplane
50%
Qo'l arm
50%
Kitoblar books
50%
Qiz daughter
50%
Mevalar fruit
50%
Buvi grandmother
50%
Qo'l hand
50%
Bosh head
50%
Noutbuk komputyer laptop
50%
Oyoq leg
50%
Kutubxona library
50%
Maktab school
50%
Talaba student
50%
Shakar sugar
50%
Turizm tourism
50%
Aktyor actor
42%
Aktrissa actress
42%
O'g'il bola boy
42%
Nonushta breakfast
42%
Stul chair
42%
Kiyimlar clothes
42%
Stol desk/table
42%
Shifokor doctor
42%
Ota father
42%
Buva grandfather
42%
Soch hair
42%
Yurak heart
42%
Og'iz mouth
42%
Burun nose
42%
Sviter sweater
42%
Galstuk tie
42%
Pomidorlar tomatoes
42%
Poezd (noun) train
42%
Sabzovotlar vegetables
42%
Qo'l soati watch
42%
Orqa back
33%
Kamar belt
33%
Tuxumlar eggs
33%
Ovqat food
33%
Ko'zoynak glasses
33%
Mehmonxona hotel
33%
Savolim bor I have a question
33%
Tushlik lunch
33%
Ona mother
33%
Bo'yin neck
33%
Hamshira nurse
33%
Bet/sahifa page
33%
Odamlar people
33%
Politsiyachi policeman
33%
Savol question
33%
Tishlar teeth
33%
Avtovokzal bus station
25%
Avtobusda by bus
25%
Moshinada by car
25%
Taksida by taxi
25%
Ko'ylak dress
25%
Shlayapa hat
25%
Er husband
25%
Kurtka jacket
25%
Tillar languages
25%
Qog'oz paper
25%
Futbolka shirt
25%
Poyafzal shoes
25%
Domullo | O'qituvchi | Tarjimon teacher
25%
Ichki kiyim underwear
25%
Xotin wife
25%
Chaqaloq baby
17%
Opa big sister
17%
Pishloq Cheese
17%
Jo'ja chicken
17%
Lu'gat dictionary
17%
Tushki ovqat dinner
17%
Tug'ilgan kuning bilan! happy birthday
17%
Yangi yilingiz bilan? happy new year
17%
Rushka pen
17%
Uzuk ring
17%
Paypoq socks
17%
Soyabon umbrella
17%
Hamyon wallet
17%
Aka big brother
8%
Tadbirkor Businessman
8%
Tayyorada by airplane
8%
Yordam olish (berish) stoli help desk
8%
Uka little brother
8%
Qo'shiqchi singer
8%
Kostyum shim suit
8%
Chipta ticket
8%
Shim trousers
8%
Singil younger sister
8%
Poezd/poezdda bilan by train
0%
Reys flight
0%
Qancha bo'ladi? how much will it cost
0%
Temir yo'kl vokzali train station
0%
No matching quizzes found
Score Distribution
Percent of People with Each Score
Percentile by Number Answered
Your Score History
You have not taken this quiz